Geografia per Lettere - R - Statistics

Statistiche generali
  • Questo quiz è stato fatto 111 volte
    99 dall'ultimo reset
  • Il punteggio medio è 9 su 20
Statistiche sulle risposte
Categoria Risposta % Corretto
Capitale Europea Reykjavík - Riga - Roma
98%
Stato Europeo Regno Unito - Repubblica Ceca - Romania - Russia
94%
Stato Africano Repubblica Centrafricana - Repubblica del Congo - Repubblica Democratica del Congo - Ruanda
90%
Stato USA Rhode Island
74%
Fiume (1000km+) Red - Reno - Rio delle Amazzoni - Rio Grande - Rio Negro
73%
Città che ha Ospitato un'Olimpiade Roma - Rio de Janeiro
70%
Città Europea non Capitale (600k+) Riazán - Rostov sul Don - Rotterdam
58%
Moneta in Uso Rand - Real - Renminbi - Riel - Ringgit - Riyal - Rublo - Rufiyaa - Rupia
56%
Capitale Africana Rabat
50%
Capitale Asiatica Riad
46%
Stato Asiatico Russia
45%
Stato Nord Americano Repubblica Dominicana
41%
Città Grandi (tra le 100 più Popolose al Mondo) Riad - Rio de Janeiro
39%
Stato con una (solo una) Stella sulla Bandiera Repubblica Centrafricana - Repubblica Democratica del Congo
33%
Capitale di uno Stato USA Raleigh - Richmond
25%
Capitale Nord Americana Roseau
23%
Catena Montuosa Rocky Mountains - Rila - Rodopi - Rhenish Massif - Rätikon
18%
Capitale di una Provincia Canadese Regina
6%
Parco Nazionale USA Redwood
1%
Contea Inglese Rutland
1%
Nessun quiz corrispondente trovato
Distribuzione punteggi
Percentuale di utenti per punteggio
Percentile per numero di risposta
I tuoi punteggi nel tempo
Non hai fatto questo quiz dall'ultimo reset